The Subtitle: Quiz Stats

 Plays Quiz Updated Dec 15, 2017

Challenge
Share
Tweet
Embed
Score 0/46 Timer 10:00
4 Plays Today
% Correct
Philosopher's Stone
91.5%
Prisoner of Azkaban
87.4%
Goblet of Fire
86.6%
Identity
86.5%
The Lion, the Witch and the Wardrobe
86.2%
Deathly Hallows
85.9%
Chamber of Secrets
85.9%
The Two Towers
85%
Half-Blood Prince
83.8%
The Fellowship of the Ring
81.8%
Order of the Phoenix
81%
The Return of the King
80.8%
The Curse of the Black Pearl
80.7%
Return of the Jedi
80.2%
Ultimatum
79.3%
Supremacy
77.1%
The Empire Strikes Back
76%
with the Dragon Tattoo
72.7%
A New Hope
71.4%
The Spy Who Shagged Me
69.7%
Dead Man's Chest
69.7%
The Last Jedi
69%
At World's End
68.8%
% Correct
Prince Caspian
68.7%
in Goldmember
66%
The Phantom Menace
65.8%
Revenge of the Sith
64.5%
The Force Awakens
63.7%
Attack of the Clones
61.7%
Legacy
61.6%
International Man of Mystery
55.6%
On Stranger Tides
46.2%
The Voyage of the Dawn Treader
44.3%
Who Kicked the Hornets' Nest
42.2%
Who Played with Fire
40.6%
Dead Men Tell No Tales
38.6%
The Silver Chair
35.6%
The Magician's Nephew
34.6%
The Last Battle
28.2%
The Horse and His Boy
27.9%
Citizens on Patrol
10.9%
Mission to Moscow
10.9%
Back in Training
8.8%
Their First Assignment
7.1%
Assignment Miami Beach
6.6%
City Under Siege
5%

You're not logged in!

Compare scores with friends on all Sporcle quizzes.
Join for Free
OR
Log In

You Might Also Like...

Show Comments

Extras

Top Quizzes Today


Score Distribution

Your Account Isn't Verified!

In order to create a playlist on Sporcle, you need to verify the email address you used during registration. Go to your Sporcle Settings to finish the process.

Report this User

Report this user for behavior that violates our Community Guidelines.

Details: